|
|
|
|
| LEADER |
00000nam a2200000 a 4500 |
| 001 |
vtls011739565 |
| 003 |
SK-MaSNL |
| 005 |
20260425223816.0 |
| 008 |
200205s2016 xo e l 000 0 slo |
| 015 |
|
|
|a SNBI2018
|
| 020 |
|
|
|a 9788081780110 (brož.)
|
| 035 |
|
|
|a urn:nbn:sk:snk-am00d8rz
|
| 035 |
|
|
|a urn:nbn:sk:snk-am3htj6
|
| 035 |
|
|
|a 05772356-8ADC-4543-884E-131D0D144A92
|
| 040 |
|
|
|a SNK
|b slo
|c SNK
|e AACR2
|
| 041 |
0 |
|
|a slo
|
| 043 |
|
|
|a e------
|a e-xo---
|
| 044 |
|
|
|a xo
|c SK
|
| 072 |
|
7 |
|a 339.5
|x Zahraničný obchod. Medzinárodný obchod
|2 konspekt
|
| 080 |
|
|
|a 339.543
|2 2001
|
| 080 |
|
|
|a (4)
|2 2001
|
| 080 |
|
|
|a (437.6)
|2 2001
|
| 080 |
|
|
|a (094.5)
|2 2001
|
| 245 |
0 |
0 |
|a Colný kódex Únie
|b zmeny od 1. mája 2016
|
| 250 |
|
|
|a 1. vyd.
|
| 260 |
|
|
|a Bratislava
|b Verlag Dashöfer
|c 2016
|
| 300 |
|
|
|a 172 s.
|c 21 cm
|
| 500 |
|
|
|a Názov z obalu
|
| 650 |
0 |
7 |
|a clá
|2 SNKPH
|9 2115
|
| 650 |
0 |
7 |
|a Tariff
|2 SNKPHeng
|9 266764
|
| 651 |
|
7 |
|a Slovensko
|2 SNKPH
|9 14231
|
| 651 |
|
7 |
|a European Union countries
|2 SNKPHeng
|9 276031
|
| 651 |
|
7 |
|a krajiny Európskej únie
|2 SNKPH
|9 31482
|
| 651 |
|
7 |
|a Slovakia
|2 SNKPHeng
|9 92630
|
| 655 |
|
7 |
|a právne predpisy
|2 SNKPH
|9 70481
|
| 655 |
|
7 |
|a Legal regulations
|2 SNKPHeng
|9 266958
|
| 919 |
|
|
|a 978-80-8178-011-0
|
| 999 |
|
|
|c 596134
|d 598064
|
| 952 |
|
|
|a SNK
|b SNK
|y PREZ
|7 0
|p 17A1319584
|o snkSC 177914
|i snk2018/2729
|8 0
|0 0
|1 0
|4 0
|d 2018-01-30
|f 1
|l 0
|r 2025-09-19 00:00:00
|w 2026-02-23
|
| 952 |
|
|
|a SNK
|b SNK
|y VYP
|7 0
|p 17A1319585
|o snkSC 177914 D1
|i snk2018/2730
|8 0
|0 0
|1 0
|4 0
|d 2018-01-30
|l 0
|r 2026-02-23 15:39:04
|w 2026-02-23
|